000 00722nam a22002177a 4500
003 OSt
005 20251121112519.0
008 251121b |||||||| |||| 00| 0 eng d
020 _a978012805395
040 _aDWCL-Main lib
_cOC
082 _aCirc. 004 I61 2016
100 _aRajkumar, Buyya
245 _aInternet of things :
_b principles and paradigms/
_cBuyya Rajkumar
260 _aCambridge , Ma:
_bElsevier inc.,
_cc2016.
300 _axxiii, 354 pages :
_billustrations ;
_c23cm.
504 _aIncludes bibliographical references and index.
650 _a1. Computer-- Computer literacy
650 _a2. Computer-- computer science
650 _a3. Internet of things
942 _2ddc
_cBK-CIRC
_kCirc.
_n0
999 _c5984
_d5984